Cattle Gastro-intestinal parasites in kus commune tramkak district takeo province, បរាសិតក្នុងក្រពះពោះវៀនគោនៅឃុំគុស ស្រុកត្រាំកក់ ខេត្តតាកែវ (Record no. 25805)

000 -LEADER
fixed length control field 00525nam a22001217a 4500
040 ## - CATALOGING SOURCE
Transcribing agency RUA
082 ## - DEWEY DECIMAL CLASSIFICATION NUMBER
Classification number AVM EK 2025 B705 Or.1
100 ## - MAIN ENTRY--AUTHOR NAME
Personal name EK PHEAROM, ឯក ភារុំ
245 ## - TITLE STATEMENT
Title Cattle Gastro-intestinal parasites in kus commune tramkak district takeo province, បរាសិតក្នុងក្រពះពោះវៀនគោនៅឃុំគុស ស្រុកត្រាំកក់ ខេត្តតាកែវ
260 ## - PUBLICATION, DISTRIBUTION, ETC. (IMPRINT)
Place of publication PHNOM PENH
Name of publisher RUA
Year of publication 2025
300 ## - PHYSICAL DESCRIPTION
Number of Pages x,44p.
Other physical details ill.
Dimensions 29cm.
942 ## - ADDED ENTRY ELEMENTS (KOHA)
Koha item type AVM
952 ## - LOCATION AND ITEM INFORMATION (KOHA)
Withdrawn status [LOCAL, KOHA] 0
952 ## - LOCATION AND ITEM INFORMATION (KOHA)
Withdrawn status [LOCAL, KOHA] 0
Holdings
Permanent Location Date acquired Koha item type Lost status Shelving location Barcode Current Location Full call number
Library Block B2026-05-23AVM B705B712346Library Block BAVM EK 2025 B705 Or.1
Library Block B2026-05-23AVM B705B712343Library Block BAVM EK 2025 B705 Or.2
មជ្ឈមណ្ឌលឯការនៃសាកលវិទ្យាល័យភូមិន្ទកសិកម្មចំការដូង

Powered by Koha